Visualizzazione normale
Vista MARC
- Leoncavallo Ruggiero
di Personal Name
Records bibliografici associati: 1
001 - CONTROL NUMBER
- control field: 6000
003 - CONTROL NUMBER IDENTIFIER
- control field: IT-RoPau
005 - DATE AND TIME OF LATEST TRANSACTION
- control field: 20131218154145.0
008 - FIXED-LENGTH DATA ELEMENTS
- fixed length control field: 131218|| aca||aabn | a|a d
040 ## - CATALOGING SOURCE
- Original cataloging agency: IT-RoPau
- Transcribing agency: IT-RoPau
100 ## - HEADING--PERSONAL NAME
- Personal name: Leoncavallo Ruggiero
- Dates associated with a name: Codice autore musica SPICS: 11470
- Relator term: Autore musica
- Name of part/section of a work: I Pagliacci: vesti la giubba
670 ## - SOURCE DATA FOUND
- Source citation: Work cat.: (IT-RoPau)100108: AA.VV. 794, Splendori della lirica italiana-vol.2 (Lp Decca Oph 11)